| 000 | 00764nam a2200217Ia 4500 | ||
|---|---|---|---|
| 003 | OSt | ||
| 005 | 20260610103529.0 | ||
| 008 | 160316s2002 xxu||||| |||| 00| 0 eng d | ||
| 020 | _a8178811588 (hbk.) | ||
| 082 |
_a346.0664 _bCHO-I |
||
| 245 |
_aCorporate governance in emerging markets Volumes 1-2 / _cedited by Nagendra V Chowdary |
||
| 260 |
_aHyderabad : _bICFAI University, _c2002. |
||
| 300 |
_axviii, 169 p. ; _c20 cm. |
||
| 365 | _bRS.225 per volume | ||
| 505 | _aVolume 1:Corporate governance devoleps in emerging markets volume 2: Disclosure of coporate governance, how are we doing | ||
| 650 | _aCorporate Governance | ||
| 650 | _aCorporate Laws | ||
| 650 | _aManagement | ||
| 700 |
_aChowdary, Nagendra V. _a |
||
| 942 |
_2ddc _cBK |
||
| 999 |
_c20923 _d20923 |
||